[Event "Bad Woerishofen"]
[Site "?"]
[Date "2002.??.??"]
[Round "6"]
[White "Lindenmair, Anton"]
[Black "Johansen, Paul"]
[Result "0-1"]
[WhiteElo "2127"]
[BlackElo "2230"]
[Annotator "ChessOrg"]
[PlyCount "73"]
[EventDate "2002.??.??"]

1. d4 Nf6 2. c4 c5 3. d5 d6 4. Nc3 g6 5. e4 Bg7 6. f4 O-O 7. Nf3 Bg4 8. Be2 Na6
9. O-O Rb8 10. Re1 Nc7 11. a4 a6 12. e5 Nd7 13. exd6 exd6 14. a5 Re8 15. h3
Bxf3 16. Bxf3 Bd4+ 17. Kh1 Qh4 18. Bd2 f5 19. Rxe8+ Rxe8 20. Qf1 Bf2 21. Ne2
Nf6 22. Be1 Bxe1 23. Qxe1 Qxe1+ 24. Rxe1 Ne4 25. Rc1 Nd2 26. Rc2 Nb3 27. g4
fxg4 28. Bxg4 h5 29. Bf3 Nxa5 30. Ng3 Re1+ 31. Kh2 Nb3 32. Ne4 Nd4 33. Rc3 Ne8
34. Nf2 Nf6 35. Bd1 b5 36. b3 b4 37. Rg3 0-1

[Event "Bad Woerishofen"]
[Site "?"]
[Date "2002.??.??"]
[Round "6"]
[White "Wissinger, Peter"]
[Black "Ballon, Guenther Jan"]
[Result "0-1"]
[WhiteElo "1996"]
[BlackElo "2207"]
[Annotator "ChessOrg"]
[PlyCount "52"]
[EventDate "2002.??.??"]

1. Nf3 d5 2. c4 e6 3. b3 Nf6 4. Bb2 Be7 5. g3 O-O 6. Bg2 c6 7. O-O a5 8. d3 a4
9. Qc2 axb3 10. axb3 Rxa1 11. Bxa1 Na6 12. Nbd2 Nb4 13. Qc3 Qb6 14. Ne5 Rd8 15.
d4 c5 16. e3 Bd7 17. Nxd7 Rxd7 18. Bb2 Na2 19. Qc2 Nb4 20. Qb1 Nc6 21. dxc5
Qxc5 22. cxd5 Nxd5 23. Rc1 Qb6 24. Qc2 Nxe3 25. Nc4 Nxc4 26. Qxc4 Rd2 0-1

[Event "Bad Woerishofen"]
[Site "?"]
[Date "2002.??.??"]
[Round "6"]
[White "Olzem, Lothar"]
[Black "Koller, Hubert"]
[Result "1/2-1/2"]
[WhiteElo "2185"]
[BlackElo "2112"]
[Annotator "ChessOrg"]
[PlyCount "67"]
[EventDate "2002.??.??"]

1. c4 c5 2. Nf3 Nc6 3. Nc3 Nf6 4. d4 cxd4 5. Nxd4 e5 6. Ndb5 d6 7. Bg5 a6 8.
Na3 h6 9. Bxf6 Qxf6 10. Nd5 Qd8 11. g3 Be6 12. Bg2 Be7 13. O-O O-O 14. Qd2 Rc8
15. Rfd1 Bxd5 16. Bxd5 Qb6 17. Rab1 Nb4 18. Nc2 Nxd5 19. Qxd5 Qc6 20. b3 Qxd5
21. Rxd5 f5 22. a4 Kf7 23. Rbd1 Ke6 24. Nb4 g5 25. Kg2 h5 26. h3 g4 27. hxg4
hxg4 28. Rh1 Rh8 29. Rdd1 Rcf8 30. Nd5 Bd8 31. f3 gxf3+ 32. exf3 Rfg8 33. Rxh8
Rxh8 34. Rd3 1/2-1/2

[Event "Bad Woerishofen"]
[Site "?"]
[Date "2002.??.??"]
[Round "6"]
[White "Teich, Udo"]
[Black "Vossenkuhl, Joachim"]
[Result "1/2-1/2"]
[WhiteElo "2096"]
[BlackElo "2185"]
[Annotator "ChessOrg"]
[PlyCount "52"]
[EventDate "2002.??.??"]

1. Nf3 c5 2. c4 Nc6 3. d4 cxd4 4. Nxd4 g6 5. Nc3 Nf6 6. e3 Bg7 7. Be2 O-O 8.
O-O Nxd4 9. Qxd4 d6 10. Qh4 Qa5 11. Rd1 Be6 12. Bd2 Rfc8 13. Nd5 Qd8 14. Bc3
Nxd5 15. cxd5 Bxc3 16. dxe6 Bxb2 17. exf7+ Kg7 18. Rab1 Bf6 19. Qa4 Rc7 20. Bf3
Qc8 21. h3 Kxf7 22. Bg4 Qd8 23. Qe4 Rb8 24. Be6+ Kg7 25. Rdc1 b6 26. Rc6 Rxc6
1/2-1/2

[Event "Bad Woerishofen"]
[Site "?"]
[Date "2002.??.??"]
[Round "6"]
[White "Fries, Werner"]
[Black "Kaiser, Ferdinand"]
[Result "1-0"]
[WhiteElo "1664"]
[BlackElo "1420"]
[Annotator "ChessOrg"]
[PlyCount "54"]
[EventDate "2002.??.??"]

1. e4 c6 2. d4 d5 3. Nc3 dxe4 4. Nxe4 Bf5 5. Ng3 Bg6 6. Nf3 e6 7. c3 Bd6 8. Qb3
Qc7 9. Bc4 Bxg3 10. hxg3 Nf6 11. Bf4 Qe7 12. Ne5 Be4 13. f3 Bd5 14. O-O-O b6
15. g4 O-O 16. Qc2 g6 17. Bg5 Bxc4 18. Nxc4 Nbd7 19. Ne5 Qd6 20. Qf2 Nxe5 21.
Bxf6 Nd7 22. Bg5 f5 23. Qh4 Rf7 24. gxf5 exf5 25. Rde1 Nf6 26. Re6 h6 27. Qxh6
Nh5 1-0

[Event "Bad Woerishofen"]
[Site "?"]
[Date "2002.??.??"]
[Round "6"]
[White "Boog, Frithjof"]
[Black "Jendel, Christian"]
[Result "1-0"]
[WhiteElo "2167"]
[BlackElo "2014"]
[Annotator "ChessOrg"]
[PlyCount "65"]
[EventDate "2002.??.??"]

1. e3 Nf6 2. f4 d5 3. Nf3 Bg4 4. h3 Bxf3 5. Qxf3 Nbd7 6. c4 c6 7. Nc3 e6 8. g4
Bb4 9. g5 Ng8 10. cxd5 cxd5 11. Bb5 Ne7 12. a3 Bxc3 13. dxc3 Nf5 14. Bd2 Nd6
15. Ba4 b5 16. Bc2 Nc4 17. Bc1 Nc5 18. b3 Nd6 19. Bb2 Qb6 20. c4 bxc4 21. Bxg7
Rg8 22. Bd4 cxb3 23. Bxh7 Qa5+ 24. Kf2 Nce4+ 25. Kg1 Rf8 26. Rh2 Rc8 27. Rb2
Nc4 28. Bxe4 dxe4 29. Qxe4 Nxb2 30. Bxb2 Rc2 31. Bf6 Qd5 32. Qa4+ Qc6 33. Rd1
1-0

[Event "Bad Woerishofen"]
[Site "?"]
[Date "2002.??.??"]
[Round "6"]
[White "Baeuml, Ulrich"]
[Black "Kugelmann, Werner"]
[Result "1-0"]
[WhiteElo "2098"]
[BlackElo "2191"]
[Annotator "ChessOrg"]
[PlyCount "55"]
[EventDate "2002.??.??"]

1. c4 e5 2. g3 Nc6 3. Nc3 g6 4. Bg2 d6 5. Nf3 Bg7 6. d3 h6 7. Rb1 Be6 8. b4 Qd7
9. b5 Nd8 10. a4 Ne7 11. Ba3 O-O 12. Qb3 Re8 13. O-O Bh3 14. Bxh3 Qxh3 15. c5
Qd7 16. cxd6 cxd6 17. Rfc1 Ne6 18. Nd5 Rac8 19. Nxe7+ Qxe7 20. Rxc8 Rxc8 21.
Qd5 Nc5 22. Rc1 b6 23. e3 Rd8 24. a5 Qe8 25. axb6 axb6 26. d4 exd4 27. exd4 Nd3
28. Rd1 1-0

[Event "Bad Woerishofen"]
[Site "?"]
[Date "2002.??.??"]
[Round "6"]
[White "Maahs, Erich"]
[Black "Dreesen, Jan"]
[Result "1-0"]
[WhiteElo "2200"]
[BlackElo "2137"]
[Annotator "ChessOrg"]
[PlyCount "67"]
[EventDate "2002.??.??"]

1. e4 d5 2. exd5 Qxd5 3. Nc3 Qa5 4. d4 c6 5. Nf3 Bf5 6. Ne5 Nf6 7. g4 Be6 8.
Bc4 Bd5 9. Bxd5 cxd5 10. Qf3 Nc6 11. Be3 Nxe5 12. dxe5 Ne4 13. e6 fxe6 14. Bd4
h5 15. gxh5 Nf6 16. O-O-O O-O-O 17. Rhe1 Rd6 18. Rd3 Rxh5 19. Rde3 Rf5 20. Qh3
Rh5 21. Qg2 Kd7 22. Qg6 Rh4 23. f4 Qd8 24. Nb5 Ra6 25. f5 Ne4 26. fxe6+ Kc8 27.
c4 Rh6 28. Qf5 Nf6 29. Rc3 Qa5 30. cxd5+ Kd8 31. Qc2 Rc6 32. dxc6 Qxb5 33. Bxf6
Rxf6 34. Qd2+ 1-0

[Event "Bad Woerishofen"]
[Site "?"]
[Date "2002.??.??"]
[Round "6"]
[White "Schiffer, Steve"]
[Black "Lamberger, Werner"]
[Result "1-0"]
[WhiteElo "2173"]
[BlackElo "2034"]
[Annotator "ChessOrg"]
[PlyCount "89"]
[EventDate "2002.??.??"]

1. e4 c5 2. Nf3 Nc6 3. d4 cxd4 4. Nxd4 Nf6 5. Nc3 e5 6. Ndb5 d6 7. Bg5 a6 8.
Na3 b5 9. Nd5 Qa5+ 10. Bd2 Qd8 11. Bd3 Nxd5 12. exd5 Ne7 13. c4 g6 14. cxb5 Bg7
15. Qb3 O-O 16. O-O Bb7 17. Bc4 Qd7 18. bxa6 Bxa6 19. Bxa6 Rxa6 20. Bc3 Rfa8
21. Nc2 Ra4 22. Nb4 Qg4 23. f3 Qh4 24. a3 Bh6 25. Be1 Qh5 26. Bf2 g5 27. Rac1
g4 28. fxg4 Qxg4 29. Rc4 Qd7 30. Be3 Bg7 31. Qc2 f5 32. Rc7 Qe8 33. Bg5 Ng6 34.
Qxf5 Nf4 35. Bh6 R4a7 36. Rxa7 Rxa7 37. Bxg7 Rxg7 38. g3 Kh8 39. Kh1 Qb5 40.
Rc1 Nxd5 41. Qf8+ Rg8 42. Qxd6 Nb6 43. Qf6+ Rg7 44. Rc7 Nd7 45. Rc8+ 1-0

[Event "Bad Woerishofen"]
[Site "?"]
[Date "2002.??.??"]
[Round "6"]
[White "Plank, Peter"]
[Black "Engl, Heinz"]
[Result "0-1"]
[WhiteElo "1804"]
[BlackElo "2127"]
[Annotator "ChessOrg"]
[PlyCount "78"]
[EventDate "2002.??.??"]

1. e4 c5 2. Nf3 d6 3. d4 cxd4 4. Nxd4 Nf6 5. Nc3 g6 6. Be3 Bg7 7. f3 O-O 8. Qd2
Nc6 9. Bc4 Bd7 10. Bb3 Rc8 11. g4 Ne5 12. g5 Nh5 13. f4 Nc4 14. Bxc4 Rxc4 15.
b3 Rc8 16. O-O-O Qa5 17. Nd5 Qa3+ 18. Kb1 Rfe8 19. c4 Bc6 20. f5 e6 21. fxg6
hxg6 22. Nf5 exf5 23. Bd4 Bxd5 24. exd5 Bxd4 25. Qxd4 Re2 26. Rd2 Rce8 27. Rhd1
R8e4 28. Qd3 R2e3 29. Qc2 a5 30. c5 Qxc5 31. Qxc5 dxc5 32. d6 Re8 33. Rd5 b6
34. d7 Rd8 35. Rd6 Re6 36. a4 f4 37. Kc2 Ng7 38. Kc3 Nf5 39. R6d3 Nd4 0-1

[Event "Bad Woerishofen"]
[Site "?"]
[Date "2002.??.??"]
[Round "6"]
[White "Bischoff, Dieter"]
[Black "Vonach, Bernd"]
[Result "1-0"]
[WhiteElo "2233"]
[BlackElo "2081"]
[Annotator "ChessOrg"]
[PlyCount "55"]
[EventDate "2002.??.??"]

1. d4 Nf6 2. c4 g6 3. Nc3 d5 4. Nf3 Bg7 5. Qb3 dxc4 6. Qxc4 O-O 7. e4 Na6 8.
Be2 c6 9. O-O Be6 10. Qa4 Qb6 11. Rd1 Rfd8 12. Rb1 Qb4 13. Qc2 Nxe4 14. Bxa6
Nxf2 15. Qxf2 bxa6 16. Be3 c5 17. dxc5 Bxc3 18. bxc3 Qxc3 19. Rxd8+ Rxd8 20.
Rc1 Qd3 21. c6 Bxa2 22. Bg5 Qb3 23. c7 Rc8 24. Bxe7 Qb6 25. Bc5 Rxc7 26. Qe3
Qb5 27. Qe5 Bc4 28. Qxc7 1-0

[Event "Bad Woerishofen"]
[Site "?"]
[Date "2002.??.??"]
[Round "6"]
[White "Oberhofer, Max"]
[Black "Maugg, Ludwig"]
[Result "1/2-1/2"]
[WhiteElo "2223"]
[BlackElo "2138"]
[Annotator "ChessOrg"]
[PlyCount "78"]
[EventDate "2002.??.??"]

1. e4 c5 2. d3 Nc6 3. Nf3 g6 4. g3 Bg7 5. Bg2 e5 6. O-O Nge7 7. c3 O-O 8. Nh4
d6 9. Na3 Be6 10. f4 f5 11. fxe5 dxe5 12. Bg5 Qd7 13. Qe2 Rae8 14. b3 h6 15.
Be3 b6 16. exf5 gxf5 17. Rad1 Kh7 18. Bc1 Nd5 19. Bb2 Kg8 20. Nc4 Nde7 21. Nf3
Ng6 22. d4 e4 23. Nfe5 Ncxe5 24. dxe5 Qc7 25. Nd6 Rd8 26. Bh3 Nxe5 27. Nxe4
Rxd1 28. Rxd1 Qe7 29. Nf2 c4 30. b4 Rd8 31. Bc1 Bd5 32. Rxd5 Rxd5 33. Bxf5 b5
34. Bc2 Rd8 35. Qe4 Qf6 36. Kg2 Qc6 37. Bf4 Qxe4+ 38. Nxe4 Nd3 39. Bd2 a5
1/2-1/2

[Event "Bad Woerishofen"]
[Site "?"]
[Date "2002.??.??"]
[Round "6"]
[White "Himmel, Hansjoerg"]
[Black "Stuemer, Paul"]
[Result "1-0"]
[WhiteElo "2238"]
[BlackElo "2143"]
[Annotator "ChessOrg"]
[PlyCount "57"]
[EventDate "2002.??.??"]

1. e4 c5 2. Nf3 Nc6 3. d4 cxd4 4. Nxd4 g6 5. c4 Bh6 6. Nc3 d6 7. Nxc6 bxc6 8.
Qd4 e5 9. Qd3 f6 10. Be2 Qe7 11. b3 Bxc1 12. Rxc1 Nh6 13. c5 Nf7 14. cxd6 Nxd6
15. O-O O-O 16. Rfd1 Rd8 17. Qe3 Be6 18. Qc5 Nf5 19. Qxc6 Nd4 20. Qa6 Rd6 21.
Qd3 Rad8 22. Qe3 Kg7 23. h3 R8d7 24. Re1 Nxe2+ 25. Qxe2 Rd2 26. Qb5 Qa3 27. Nb1
Qxa2 28. Nxd2 Rxd2 29. Ra1 1-0

[Event "Bad Woerishofen"]
[Site "?"]
[Date "2002.??.??"]
[Round "6"]
[White "Szenetra, Werner"]
[Black "Fischer, Michael"]
[Result "1-0"]
[WhiteElo "2202"]
[BlackElo "2079"]
[Annotator "ChessOrg"]
[PlyCount "95"]
[EventDate "2002.??.??"]

1. Nf3 d5 2. g3 Nf6 3. Bg2 Bf5 4. O-O c6 5. d3 e6 6. Nbd2 h6 7. Qe1 Nbd7 8. e4
Bh7 9. e5 Ng8 10. Qe2 Bc5 11. Re1 Ne7 12. d4 Bb6 13. c4 Ba5 14. a3 Bxd2 15.
Bxd2 dxc4 16. Qxc4 O-O 17. Bb4 Nb6 18. Qe2 Nbd5 19. Bc5 Qd7 20. Red1 Rfd8 21.
Rac1 Nf5 22. a4 a5 23. b3 Nfe7 24. Nd2 Nc8 25. Nc4 Qc7 26. Ne3 Nce7 27. Nc4 Nc8
28. f4 Ra6 29. Qf2 Qd7 30. Bf1 Ra8 31. g4 b5 32. Nd6 Nxd6 33. Bxd6 bxa4 34.
bxa4 Nb4 35. Qd2 Qb7 36. Rc5 Be4 37. Rdc1 Bd5 38. f5 exf5 39. gxf5 Qd7 40. Qf4
f6 41. R1c3 Ra7 42. Rg3 Kh8 43. Rg6 Bg8 44. exf6 Qxd6 45. fxg7+ Rxg7 46. Qxh6+
Rh7 47. Rxd6 Rxh6 48. Rxd8 1-0

[Event "Bad Woerishofen"]
[Site "?"]
[Date "2002.??.??"]
[Round "6"]
[White "Kuempers, Ulrich"]
[Black "Schulz, Gert"]
[Result "0-1"]
[WhiteElo "2174"]
[BlackElo "2067"]
[Annotator "ChessOrg"]
[PlyCount "66"]
[EventDate "2002.??.??"]

1. d4 g6 2. c4 Bg7 3. Nc3 d6 4. d5 f5 5. Nf3 e5 6. dxe6 Bxe6 7. Ng5 Bxc3+ 8.
bxc3 Qf6 9. Nxe6 Qxe6 10. Qd5 Qxd5 11. cxd5 Nf6 12. c4 Nbd7 13. e3 Nc5 14. Be2
Kf7 15. O-O Rhe8 16. Bb2 b6 17. Bd4 Re7 18. h3 h5 19. g3 Nce4 20. Kg2 Rae8 21.
f3 Nc5 22. Rad1 g5 23. Rde1 f4 24. gxf4 gxf4 25. e4 Ncxe4 26. Bd3 Nc5 27. Rxe7+
Rxe7 28. Bxc5 dxc5 29. Bf5 Re2+ 30. Rf2 Rxf2+ 31. Kxf2 h4 32. Ke2 Ne8 33. Kd3
Nd6 0-1

[Event "Bad Woerishofen"]
[Site "?"]
[Date "2002.??.??"]
[Round "6"]
[White "Kollmann, Robert"]
[Black "Schellmann, Frank"]
[Result "1/2-1/2"]
[WhiteElo "1893"]
[BlackElo "2144"]
[Annotator "ChessOrg"]
[PlyCount "84"]
[EventDate "2002.??.??"]

1. f4 Nf6 2. Nf3 d5 3. e3 g6 4. b3 Bg7 5. Bb2 O-O 6. Be2 c5 7. O-O Nc6 8. Qe1
d4 9. exd4 Nxd4 10. Nxd4 cxd4 11. Bf3 Nd5 12. Bxd5 Qxd5 13. d3 Re8 14. Nd2 e5
15. Ne4 f5 16. Ng3 Bd7 17. fxe5 Bh6 18. Qb4 Be3+ 19. Kh1 Rac8 20. c4 dxc3 21.
Bxc3 Rxc3 22. Qxc3 Bd4 23. Qc4 Qxc4 24. dxc4 Bxa1 25. Rxa1 Rxe5 26. Rf1 Bc6 27.
Kg1 Re3 28. Rd1 f4 29. Nf1 Rc3 30. Rd2 a5 31. h4 a4 32. Rb2 axb3 33. axb3 b5
34. cxb5 Bxb5 35. Nd2 Kf7 36. Ne4 Rc1+ 37. Kh2 Bc6 38. Nf2 f3 39. gxf3 Bxf3 40.
b4 Rc6 41. Kg3 Bd5 42. Kg4 Be6+ 1/2-1/2

[Event "Bad Woerishofen"]
[Site "?"]
[Date "2002.??.??"]
[Round "6"]
[White "Pitl, Gregory"]
[Black "Jaenig, Reinhard"]
[Result "1-0"]
[WhiteElo "2238"]
[BlackElo "2119"]
[Annotator "ChessOrg"]
[PlyCount "111"]
[EventDate "2002.??.??"]

1. e4 c5 2. Nf3 e6 3. d4 cxd4 4. Nxd4 Qb6 5. Nb3 Qc7 6. Bd3 a6 7. f4 d6 8. Be3
Nd7 9. Qf3 Ngf6 10. Nc3 b6 11. g4 h6 12. Qh3 g6 13. O-O-O Bg7 14. Nd4 Bb7 15.
Nxe6 fxe6 16. g5 hxg5 17. Qxe6+ Kd8 18. fxg5 Re8 19. Qf7 Re7 20. Qb3 Ng4 21.
Qg8+ Re8 22. Qxg7 Nxe3 23. Rde1 Ng4 24. Qxg6 Nf2 25. Rhf1 Nxd3+ 26. cxd3 Ne5
27. Qf6+ Qe7 28. Kc2 Qxf6 29. Rxf6 Kd7 30. d4 Nc4 31. b3 Na3+ 32. Kb2 Nb5 33.
Na4 Rad8 34. Rf7+ Re7 35. Nxb6+ Ke8 36. Rf4 Nxd4 37. g6 Ne6 38. Rf6 Bc6 39. h4
Rb8 40. Nc4 Nc5 41. Ref1 Kd7 42. Rxd6+ Kc7 43. e5 Bb5 44. Rc1 Bxc4 45. Rxc4
Rxe5 46. Rxa6 Kd7 47. Ra7+ Ke6 48. Rh7 Kf6 49. h5 Ne4 50. Rc6+ Re6 51. Rxe6+
Kxe6 52. g7 Kf7 53. Rh8 Rg8 54. h6 Nc5 55. h7 Rxg7 56. Rf8+ 1-0

[Event "Bad Woerishofen"]
[Site "?"]
[Date "2002.??.??"]
[Round "6"]
[White "Winter, Bernd"]
[Black "Becker, Thomas"]
[Result "1/2-1/2"]
[WhiteElo "1884"]
[BlackElo "2181"]
[Annotator "ChessOrg"]
[PlyCount "154"]
[EventDate "2002.??.??"]

1. e4 c5 2. Nf3 e6 3. d4 cxd4 4. Nxd4 Bc5 5. Be2 Qb6 6. c3 Nc6 7. O-O Nxd4 8.
cxd4 Bxd4 9. Nd2 Bc5 10. Nc4 Qd8 11. Be3 Be7 12. Qa4 b5 13. Qxb5 Nf6 14. Bf3
O-O 15. e5 Nd5 16. Bxd5 exd5 17. Qxd5 Ba6 18. Rfd1 Rb8 19. Bxa7 Bxc4 20. Qxc4
Rxb2 21. Qd5 Qc7 22. Qxd7 Rc8 23. Be3 Bf8 24. e6 fxe6 25. Qxe6+ Kh8 26. Rac1
Rc2 27. Rxc2 Qxc2 28. Qb3 Qe4 29. g3 h6 30. Qd5 Qa4 31. Qd7 Qa8 32. a4 Rc4 33.
Ra1 Rc6 34. Rc1 Rxc1+ 35. Bxc1 Bc5 36. Qf5 Qa7 37. Bb2 Qb6 38. Qc2 Bb4 39. Qc8+
Kh7 40. Qf5+ Kg8 41. Qg4 Qb7 42. Qc4+ Kh7 43. Qb3 Qe4 44. Qd1 Bc5 45. a5 Bb4
46. a6 Bc5 47. Qf1 Kg6 48. Bc3 Qc2 49. Be1 Qd1 50. a7 Bxa7 51. Qa6+ Kh7 52.
Qxa7 Qxe1+ 53. Kg2 Qb1 54. Qe3 Qf5 55. f3 Qc2+ 56. Qf2 Qc4 57. Qe3 Qc2+ 58. Kh3
Qd1 59. Qe4+ Kh8 60. Kg4 Qd2 61. h4 Qd7+ 62. Qf5 Qd4+ 63. Kh5 Qd6 64. Qc8+ Kh7
65. Kg4 Qg6+ 66. Kh3 Qd3 67. Qb7 Qd6 68. h5 Qe6+ 69. g4 Qd6 70. Qe4+ Kh8 71.
Qe8+ Kh7 72. Qf7 Qd1 73. Qb7 Qf1+ 74. Kg3 Qg1+ 75. Kf4 Qc1+ 76. Ke5 Qg5+ 77.
Kd4 Qd2+ 1/2-1/2

[Event "Bad Woerishofen"]
[Site "?"]
[Date "2002.??.??"]
[Round "6"]
[White "Einwiller, Dieter"]
[Black "Phildius, Bernhard"]
[Result "1/2-1/2"]
[WhiteElo "2154"]
[BlackElo "2330"]
[Annotator "ChessOrg"]
[PlyCount "137"]
[EventDate "2002.??.??"]

1. e4 d6 2. d4 g6 3. Nc3 c6 4. Bf4 Bg7 5. Be2 Nd7 6. Nf3 e5 7. Bg3 Qe7 8. O-O
Ngf6 9. dxe5 dxe5 10. Nd2 O-O 11. Nc4 Ne8 12. a4 h5 13. f3 h4 14. Bf2 Nc5 15.
Qe1 Bf6 16. Ne3 Bg5 17. Bc4 Ne6 18. Ne2 Nf6 19. Ng4 Nxg4 20. fxg4 Nc5 21. Qb4
Nxe4 22. Bxf7+ Rxf7 23. Qxe4 Qe6 24. h3 b6 25. Be3 Bxe3+ 26. Qxe3 Ba6 27. Rxf7
Qxf7 28. b3 Rf8 29. c4 c5 30. Nc3 Bb7 31. Rd1 Bc6 32. Nd5 Bxd5 33. Rxd5 Qf1+
34. Kh2 Qf4+ 35. Qxf4 exf4 36. Kg1 Re8 37. a5 Re3 38. axb6 axb6 39. b4 cxb4 40.
Rb5 b3 41. Rxb6 Kf7 42. g5 Rc3 43. Kf2 Rg3 44. Rf6+ Kg7 45. Rb6 Rc3 46. Rb4 Kf8
47. Rb6 Ke7 48. Rxg6 Rxc4 49. Rb6 Rc3 50. g6 Rg3 51. g7 Kf7 52. Rb4 f3 53. gxf3
Rxh3 54. Rxb3 Kxg7 55. Rb4 Rh2+ 56. Kg1 Rh3 57. Rg4+ Kf6 58. Kg2 Rg3+ 59. Rxg3
hxg3 60. Kxg3 Kg5 61. f4+ Kf5 62. Kf3 Kf6 63. Ke4 Ke6 64. f5+ Kf7 65. Ke5 Ke7
66. f6+ Kf8 67. Ke6 Ke8 68. f7+ Kf8 69. Kf6 1/2-1/2

[Event "Bad Woerishofen"]
[Site "?"]
[Date "2002.??.??"]
[Round "6"]
[White "Zach, Andreas"]
[Black "Mueller, Manfred"]
[Result "1/2-1/2"]
[WhiteElo "2277"]
[BlackElo "2160"]
[Annotator "ChessOrg"]
[PlyCount "88"]
[EventDate "2002.??.??"]

1. d3 d5 2. h3 Nf6 3. g4 h6 4. Bg2 b6 5. c4 Bb7 6. cxd5 Nxd5 7. Nf3 e6 8. O-O
Be7 9. a3 c5 10. Nc3 Nxc3 11. bxc3 O-O 12. Re1 Bf6 13. Bb2 Nc6 14. Nd2 Qc7 15.
Rf1 Rad8 16. f4 Na5 17. Ne4 Bh4 18. Qc2 f5 19. gxf5 exf5 20. Nd2 Bxg2 21. Kxg2
Rf6 22. Rf3 Rg6+ 23. Kh1 Re8 24. Nf1 Qe7 25. e3 Qb7 26. Qe2 c4 27. d4 Qd5 28.
Nd2 Rge6 29. Kh2 Nb3 30. Nxb3 cxb3 31. c4 Qe4 32. d5 Rg6 33. Rd1 Bg3+ 34. Rxg3
Qxf4 35. Rdg1 Rxg3 36. Rxg3 g5 37. Qh5 Rxe3 38. Qg6+ Kf8 39. Qxh6+ Ke8 40. Qg6+
Kd7 41. Qc6+ Ke7 42. Qb7+ Ke8 43. Qc6+ Kf7 44. Qf6+ Ke8 1/2-1/2

[Event "Bad Woerishofen"]
[Site "?"]
[Date "2002.??.??"]
[Round "6"]
[White "Lang, Andreas"]
[Black "Freundlieb, Thomas"]
[Result "1-0"]
[WhiteElo "2041"]
[BlackElo "2150"]
[Annotator "ChessOrg"]
[PlyCount "91"]
[EventDate "2002.??.??"]

1. e4 g6 2. d4 Bg7 3. Be3 d6 4. Nc3 Nd7 5. Qd2 h6 6. O-O-O c6 7. Bd3 b5 8. f4
b4 9. Nce2 a5 10. Nf3 Ndf6 11. h3 Ba6 12. g4 Bxd3 13. Qxd3 d5 14. Ng3 Nxe4 15.
Nxe4 dxe4 16. Qxe4 Qd5 17. Qxd5 cxd5 18. f5 e6 19. fxe6 fxe6 20. Ne5 Bxe5 21.
dxe5 Rc8 22. Rhf1 Rh7 23. Rd3 Rc6 24. Bd4 Rf7 25. Rdf3 Rxf3 26. Rxf3 Rc4 27. c3
a4 28. Kc2 bxc3 29. bxc3 Rc6 30. Be3 Ke7 31. Rf4 Rc4 32. Rxc4 dxc4 33. Kb2 h5
34. Ka3 Kd7 35. Bg5 Kc6 36. gxh5 gxh5 37. Kxa4 Kd5 38. Kb4 Kxe5 39. Kxc4 h4 40.
a4 Kf5 41. Bxh4 Nh6 42. a5 Nf7 43. Bg3 e5 44. a6 Nd6+ 45. Kd5 Nb5 46. Bxe5 1-0

[Event "Bad Woerishofen"]
[Site "?"]
[Date "2002.??.??"]
[Round "6"]
[White "Weiland, Guenter"]
[Black "Babar, Michael"]
[Result "1/2-1/2"]
[WhiteElo "2038"]
[BlackElo "2146"]
[Annotator "ChessOrg"]
[PlyCount "86"]
[EventDate "2002.??.??"]

1. Nf3 d6 2. g3 g6 3. c4 Bg7 4. Bg2 e5 5. Nc3 Nc6 6. d3 Bg4 7. Rb1 a5 8. a3 Qd7
9. h3 Be6 10. Ng5 Nge7 11. Bd2 Nd8 12. b4 axb4 13. axb4 O-O 14. O-O Qc8 15.
Nxe6 Nxe6 16. Kh2 f5 17. Qb3 Nd4 18. Qd1 Kh8 19. e3 Ne6 20. Nd5 Ng8 21. Qb3 Qd8
22. Nc3 c6 23. Ne2 Qe7 24. Bc3 f4 25. exf4 exf4 26. Nxf4 Nxf4 27. gxf4 Rxf4 28.
Rbe1 Qf7 29. b5 Ne7 30. Qb2 Bxc3 31. Qxc3+ Kg8 32. bxc6 bxc6 33. Rxe7 Qxe7 34.
Bxc6 Raf8 35. Bd5+ R8f7 36. f3 Qe2+ 37. Kg1 R4f5 38. Bxf7+ Kxf7 39. f4 Qe3+ 40.
Kg2 Rh5 41. Rf3 Qe2+ 42. Rf2 Qe3 43. Rf3 Qe2+ 1/2-1/2

[Event "Bad Woerishofen"]
[Site "?"]
[Date "2002.??.??"]
[Round "7"]
[White "Heika, Martin"]
[Black "Hornung, Hans"]
[Result "0-1"]
[WhiteElo "2339"]
[BlackElo "2173"]
[Annotator "ChessOrg"]
[PlyCount "77"]
[EventDate "2002.??.??"]

1. e4 d6 2. d4 g6 3. Nc3 Bg7 4. g3 Nc6 5. d5 Ne5 6. f4 Nd7 7. Bg2 Ngf6 8. Be3
c6 9. dxc6 bxc6 10. Nf3 O-O 11. Nd4 Qc7 12. e5 Nd5 13. Nxd5 cxd5 14. e6 Nf6 15.
exf7+ Rxf7 16. O-O Rb8 17. Nb3 a5 18. Rb1 a4 19. Nd4 e5 20. fxe5 dxe5 21. Nf3
Bf5 22. Nxe5 Qxe5 23. Bf4 Qe6 24. Bxb8 Qb6+ 25. Kh1 Qxb8 26. b3 a3 27. Bxd5
Nxd5 28. Qxd5 Qb7 29. Qxb7 Rxb7 30. Rbe1 h5 31. c4 Rd7 32. Kg2 Rd2+ 33. Rf2
Bh3+ 34. Kf3 Bg4+ 35. Kg2 Rb2 36. Re8+ Kh7 37. Rd8 Bc3 38. Kg1 Bh3 39. Rf7+ {
Zeit} 0-1

[Event "Bad Woerishofen"]
[Site "?"]
[Date "2002.??.??"]
[Round "7"]
[White "Kengis, Edvins"]
[Black "Levin, Felix"]
[Result "1-0"]
[WhiteElo "2571"]
[BlackElo "2518"]
[Annotator "ChessOrg"]
[PlyCount "63"]
[EventDate "2002.??.??"]

1. Nf3 d5 2. g3 Nf6 3. Bg2 g6 4. O-O Bg7 5. d3 O-O 6. Nbd2 Nc6 7. e4 e5 8. Re1
h6 9. c3 dxe4 10. dxe4 a5 11. Qc2 Be6 12. b3 Nd7 13. Ba3 Re8 14. Nf1 Na7 15.
Rad1 Nb5 16. Bb2 Qe7 17. a4 Na7 18. Ne3 c6 19. Nd2 b5 20. Ra1 Nb6 21. axb5 Nxb5
22. Bf1 Qc7 23. Ndc4 Nxc4 24. Bxc4 Bxc4 25. Nxc4 Nd6 26. Nxd6 Qxd6 27. c4 Reb8
28. Red1 Qb4 29. Bc3 Qc5 30. Ra4 Qa7 31. Rda1 Qb6 32. b4 1-0

[Event "Bad Woerishofen"]
[Site "?"]
[Date "2002.??.??"]
[Round "7"]
[White "Loew, Gerald"]
[Black "Schmidt, Andreas"]
[Result "1-0"]
[WhiteElo "2260"]
[BlackElo "1933"]
[Annotator "ChessOrg"]
[PlyCount "109"]
[EventDate "2002.??.??"]

1. c4 Nf6 2. g3 g6 3. Bg2 Bg7 4. Nc3 d6 5. d3 c5 6. a3 Nc6 7. Rb1 O-O 8. b4 Ng4
9. Bd2 cxb4 10. axb4 e6 11. Nh3 Nf6 12. b5 Ne7 13. O-O e5 14. Ng5 d5 15. cxd5
Nfxd5 16. Nxd5 Nxd5 17. Qb3 Be6 18. Nxe6 fxe6 19. h4 Qd7 20. Bf3 a5 21. Kg2 a4
22. Qa2 Rfc8 23. h5 Rc5 24. hxg6 hxg6 25. Be4 Ne7 26. Bb4 Rc7 27. Bxe7 Qxe7 28.
Bxg6 a3 29. Rh1 Rac8 30. Rb3 Rc2 31. Qxa3 Qf6 32. Bh7+ Kf7 33. Qa7 R8c7 34. Qe3
Ra2 35. Rc1 Rxc1 36. Qxc1 Rxe2 37. Qc7+ Qe7 38. Bg6+ Kf6 39. Qxe7+ Kxe7 40. Kf3
Ra2 41. b6 e4+ 42. Bxe4 Bd4 43. Bxb7 Rxf2+ 44. Kg4 Rb2 45. Rxb2 Bxb2 46. Be4
Be5 47. b7 Kf6 48. Kh4 Kg7 49. g4 Kh6 50. g5+ Kg7 51. g6 Kf6 52. Kg4 Kg7 53.
Kf3 Kf6 54. Ke2 Ke7 55. Kd1 1-0

[Event "Bad Woerishofen"]
[Site "?"]
[Date "2002.??.??"]
[Round "7"]
[White "Kveinys, Aloyzas"]
[Black "Georgiev, Kiril"]
[Result "1/2-1/2"]
[WhiteElo "2555"]
[BlackElo "2655"]
[Annotator "ChessOrg"]
[PlyCount "34"]
[EventDate "2002.??.??"]

1. e4 c5 2. Nf3 d6 3. d4 cxd4 4. Nxd4 Nf6 5. Nc3 a6 6. h3 e6 7. g4 h6 8. Bg2 g5
9. b3 Nbd7 10. Bb2 Ne5 11. Qd2 h5 12. O-O-O hxg4 13. hxg4 Rg8 14. f3 Bd7 15.
Kb1 Qc7 16. Nde2 O-O-O 17. Nc1 Be7 1/2-1/2

[Event "Bad Woerishofen"]
[Site "?"]
[Date "2002.??.??"]
[Round "7"]
[White "Eingorn, Viacheslav"]
[Black "Seifert, Volker"]
[Result "1-0"]
[WhiteElo "2598"]
[BlackElo "2261"]
[Annotator "ChessOrg"]
[PlyCount "49"]
[EventDate "2002.??.??"]

1. d4 Nf6 2. Nf3 e6 3. c4 b6 4. a3 Bb7 5. Nc3 d5 6. cxd5 exd5 7. Bg5 Be7 8.
Qa4+ c6 9. e3 O-O 10. Bd3 Nbd7 11. O-O c5 12. Ne5 c4 13. Bf5 Nxe5 14. dxe5 Ne4
15. Bxe4 Bxg5 16. Bxd5 Bxd5 17. Rad1 b5 18. Qxb5 Rb8 19. Qa4 Rxb2 20. Nxd5 Qc8
21. Rc1 Qe6 22. Qxc4 Rd8 23. Rcd1 Rc8 24. Qd4 Rcc2 25. Nb4 1-0